| 000 | 01373nam0a2200325 4500 | ||
|---|---|---|---|
| 001 | RU\NLR\BIBL_A\011859128 | ||
| 005 | 20231003173704.0 | ||
| 010 |
_a978-5-04-095038-6 _97000 |
||
| 021 |
_aRU _bКН-П-18-076718 _9КН-П-18-5542 |
||
| 035 | _a(NLR Aleph) 011859128 | ||
| 035 | _a(RuMoRGB)009772160 | ||
| 090 |
_a12143310 _c12143310 |
||
| 100 | _a20181109d2018 e y0rusy50 ca | ||
| 101 | 1 |
_arus _ceng |
|
| 102 | _aRU | ||
| 105 | _aac||z|||000zy | ||
| 200 | 1 |
_aМагический пофигизм _eкак перестать париться обо всем на свете и стать счастливым прямо сейчас _fСара Найт _g[пер. с англ. И. Литвиновой] |
|
| 210 |
_aМосква _cБомбора™ _cЭксмо _d2018 |
||
| 215 |
_a205, [2] с. _cил., портр. _d20 |
||
| 225 | 1 | _aМировой бестселлер | |
| 225 | 1 |
_a#жизнь_прекрасна _eбестселлеры о счастье без компромиссов |
|
| 333 | _a16+ | ||
| 606 | 1 |
_aУверенность в себе _jПопулярные издания _xСамовоспитание _92099052 _3RU\NLR\AUTH\661269719 |
|
| 686 | 1 | _aЮ937.26-42я9 | |
| 700 | 1 |
_aНайт _bС. _gСара |
|
| 942 | _cBOOK | ||
| 980 | _aNBR | ||
| 980 | _aNB | ||